Les animaux de la ferme dans les films - Statistiques

Statistiques générales
  • Ce quiz a été pris 169 fois
  • Le résultat moyen est 8 sur 16
Statistiques - réponses
Par images Réponse % Correct
Shrek
83%
Les Aventures de Porcinet
80%
Alice au Pays des Merveilles
73%
Les Bronzés font du ski
73%
La Vache
63%
Babe, le cochon devenu berger
62%
Qui veut la peau de Roger Rabbit ?
62%
Le Voyage de Chihiro
48%
Space Jam : Nouvelle ère
45%
La ferme se rebelle
44%
La Vache et le Prisonnier
43%
Pierre Lapin
40%
Taram et le Chaudron Magique
38%
Antoinette dans les Cevennes
12%
Petit Paysan
12%
Misery
10%
Aucun quiz correspondant
Distribution des résultats
% des personnes avec chaque résultat
Percentile par nombre de réponses
Votre historique - résultats
Vous n’avez pas pris ce quiz